KOHA-Header-6

Electrionic Principles (Record no. 2752)

000 -LEADER
fixed length control field 00267nam a2200109Ia 4500
008 - FIXED-LENGTH DATA ELEMENTS--GENERAL INFORMATION
fixed length control field 190902s9999||||xx |||||||||||||| ||und||
100 ## - MAIN ENTRY--PERSONAL NAME
Personal name Albert Paul Malvino
245 #0 - TITLE STATEMENT
Title Electrionic Principles
260 ## - PUBLICATION, DISTRIBUTION, ETC. (IMPRINT)
Place of publication, distribution, etc India
Name of publisher, distributor, etc The McGraw-Hill
Date of publication, distribution, etc 1999
300 ## - PHYSICAL DESCRIPTION
Extent 1012
942 ## - ADDED ENTRY ELEMENTS (KOHA)
Koha item type Books
Holdings
Withdrawn status Lost status Source of classification or shelving scheme Damaged status Not for loan Collection code Permanent Location Current Location Shelving location Date acquired Barcode Date last seen Price effective from Koha item type
          Electrical Engineering MAJU MAJU   2019-09-02 6409 2019-09-02 2019-09-02 Electrical Engineering

Powered by Koha